000 00810nam a2200253 i 4500
001 28153
003 ES-MaACL
005 20240122153207.0
007 t|
008 030116s1975 sp |||| |bspa d
020 _a84-7358-022-2
080 _a821.134.2 Hernández, Miguel 1.07
080 _a929 Hernandez, Miguel
100 1 _aBalcells, José María,
_d1943-
_924862
245 1 0 _aMiguel Hernández, corazón desmesurado /
_cJosé María Balcells.
250 _a1ª ed.
260 _aBarcelona :
_bDirosa,
_c1975.
300 _a229 p. ;
_c22 cm.
490 1 _aDocumentacion y ensayo ;
_v10
600 1 4 _aHernández, Miguel,
_d1910-1942-
_xCrítica e interpretación
_962846
830 0 _aDocumentacion y ensayo ;
_v10
_9186480
852 _aES-MaACL
_jA-9566
999 _c28153
_d28153